000
00413nam a2200157Ia 4500
008
090711s9999 xx 000 0 und d
082
_b
13685
100
_a
भावे पु. बा.
245
_a
वायबार
300
_a
230
600
_a
भावे पु. बा.
630
_a
वायबार
700
_a
भावे पु. बा.
730
_a
वायबार
942
_c
BOOK
999
_c
298510
_d
298510